000 00892nam a2200265 a 4500
001 BRCA_4061
005 20190320204530.0
008 160210s1907----mx-#######---#000-0#eng-#
041 _aeng
044 _amx
050 4 _aF1213
_b.C35 3 1907
100 1 _aCalderón de la Barca, Frances Erskine Inglis
_d1804-1882
_99129
245 1 0 _aLife in Mexico during a residence of two years in that country
_cby Madame Calderón de la Barca ; with a preface by W. H. Prescott.
250 _a2
260 _aMéxico
_bThe Record
_c1907
300 _a375 p.
_c24 cm.
500 _aVer también B97 (v.1), C15 (3a ed. 1910) y CEF80 (v.2)
500 _aC135
650 1 4 _aViajeros ingleses
_97018
651 4 _aMéxico
_xDescripción y viajes
_9103
651 4 _aMéxico
_xVida social y costumbres
_9769
700 1 _aPrescott, William Hickling
_d1796-1859
_98071
902 _aGFM
942 _2lcc
_cB
999 _c3785
_d3785